Normal view MARC view

Entry Nome pessoal

Number of records used in: 1

001 - NÚMERO DE CONTROLE

  • campo de controle: 57

003 - IDENTIFICADOR DO NÚMERO DE CONTROLE

  • campo de controle: Br

005 - DATA E HORÁRIO DA ÚLTIMA TRANSAÇÃO

  • campo de controle: 20250121100639.0

008 - CAMPO DE DADOS FIXOS

  • campo de controle de tamanho fixo: 990709|| acnnnaab| aaaa d

035 ## - NÚMERO DE CONTROLE DO SISTEMA

  • Número de Controle do Sistema: 99070917141361042

040 ## - FONTE DA CATALOGAÇÃO

  • Instituição da catalogação original: Br
  • Instituição que transcreveu o registro: Br

100 1# - CABEÇALHO--NOME PESSOAL

  • Nome pessoal: Amory, Cleveland,
  • Datas associadas ao nome: 1917-1998

670 ## - FONTE POSITIVA DOS DADOS

  • Citação da fonte positiva dos dados: Autor de: O gato que veio para o Natal. [1989].

670 ## - FONTE POSITIVA DOS DADOS

  • Citação da fonte positiva dos dados: Lc name aut 77-83, Sept.
  • Dados encontrados na fonte localizada no subcampo: (AACR2, epitome: b.9.2.1917).

675 ## - FONTE NEGATIVA DOS DADOS

  • Citação da fonte positiva dos dados: CA/FGV.

Powered by Koha